Magyar Paedagogiai Szemle. - 11. köt. (1890) 4. füzet
Elmentve itt :
| Dokumentumtípus: | Folyóirat |
|---|---|
| Megjelent: |
1890
|
| Sorozat: | Magyar Paedagogiai Szemle : tanügyi havi közlöny
11 No. 4 |
| Online Access: | http://misc.bibl.u-szeged.hu/60245 |
| LEADER | 00514nas a2200133 i 4500 | ||
|---|---|---|---|
| 001 | misc60245 | ||
| 005 | 20210729141336.0 | ||
| 008 | 210729s1890 hu o 0|| zxx d | ||
| 040 | |a SZTE Miscellanea Repozitórium |b hun | ||
| 041 | |a zxx | ||
| 245 | 0 | 0 | |a Magyar Paedagogiai Szemle. - 11. köt. (1890) 4. füzet |h [elektronikus dokumentum] |
| 260 | |c 1890 | ||
| 490 | 0 | |a Magyar Paedagogiai Szemle : tanügyi havi közlöny |v 11 No. 4 | |
| 856 | 4 | 0 | |u http://misc.bibl.u-szeged.hu/60245/1/magyar_paedagogiai_szemle_1890_004.pdf |z Dokumentum-elérés |